000 01042cam a22003014a 4500
999 _c10832
_d10832
001 11944795
003 OSt
005 20191216122543.0
008 000317s2001 njua b 001 0 eng
010 _a 00035995
020 _a812032336X
040 _aDLC
_cDLC
_dDLC
042 _apcc
050 0 0 _aHB172
_b.P53 2001
082 0 0 _a338.5
_221
_bPIN/M
100 1 _aPindyck, Robert S.
245 1 0 _aMicroeconomics /
_cRobert S. Pindyck, Daniel L. Rubinfeld.
250 _a5th ed.
260 _aNew Delhi:
_bPrentice Hall,
_c2004.
300 _axxix, 700 p. :
_bcol. ill. ;
_c26 cm.
440 0 _aPrentice-Hall series in economics
504 _aIncludes bibliographical references and index.
650 0 _aMicroeconomics.
700 1 _aRubinfeld, Daniel L.
906 _a7
_bcbc
_corignew
_d1
_eocip
_f20
_gy-gencatlg
942 _2ddc
_cBK
_h338.5
_iPIN/M
_k338.5
_mPIN/M